000 00404nam a2200157Ia 4500
008 241127s9999||||xx |||||||||||||| ||und||
020 _a9780470182383
_c8585
040 _beng
_cSSK Library
_erda
082 _a005.133/SEM
100 _a Bill Sempf -
245 0 _aVisual Basic 2008 For Dummies
260 _b Wiley Publishing
_c©2008
942 _22ddc
_cBOOK
_nNo
999 _c11111
_d11111
003 OSt
005 20241127152843.0